| 000 | 00687nam a22002057a 4500 | ||
|---|---|---|---|
| 003 | 0 | ||
| 005 | 20230818103656.0 | ||
| 008 | 230818b xxu||||| |||| 00| 0 eng d | ||
| 020 | _a978-621-427-128-3 | ||
| 050 |
_aQA 76 _b.B47 2023 |
||
| 100 | _aBesueña, Jerelyn S. | ||
| 245 |
_aIntroduction to information technology & computer fundamentals _cJerelyn Besueña |
||
| 250 | _aSecond edition | ||
| 260 |
_aManila _bUnlimited Books Library Services & Publishing Inc. _cc2023. |
||
| 300 |
_ax, 204 pages : _bill. ; _c26 cm. |
||
| 500 | _aComputers--study & teaching. | ||
| 504 | _aIncludes bibliographical references. | ||
| 650 | _aComputers--study & teaching. | ||
| 942 |
_2lcc _cBK |
||
| 999 |
_c365175 _d365175 |
||